Breve historia del derecho estadounidense
Збережено в:
| Автор: | |
|---|---|
| Формат: | Книга |
| Мова: | Іспанська |
| Опубліковано: |
Ciudad de México
Universidad Nacional Autónoma de México
2007
|
| Редагування: | 1a. ed |
| Серія: | Estudios Jurídicos, 111
|
| Предмети: | |
| Теги: |
Додати тег
Немає тегів, Будьте першим, хто поставить тег для цього запису!
|
MARC
| LEADER | 00000nam a2200000 a 4500 | ||
|---|---|---|---|
| 001 | UCH4493 | ||
| 003 | CL-VaPUC | ||
| 008 | 090820e20070000MX |||||||||||||||||spa|d | ||
| 020 | |a 9789703244027 | ||
| 082 | 0 | 4 | |a 349.73 |b FRI |2 21 |
| 100 | 0 | |a Friedman, Lawrence M |e author |9 540006 | |
| 245 | 1 | 0 | |a Breve historia del derecho estadounidense |
| 250 | |a 1a. ed | ||
| 300 | |a 196 p | ||
| 942 | |c BK | ||
| 945 | |d 20090820 00:00:00 |a cmena | ||
| 260 | |a Ciudad de México |b Universidad Nacional Autónoma de México |c 2007 | ||
| 650 | 7 | |a DERECHO ESTADOUNIDENSE |2 CL-VaPUC |9 385416 | |
| 650 | 0 | |a Historia del derecho |9 255109 | |
| 650 | 7 | |a DERECHO Y ECONOMIA |2 CL-VaPUC |9 255885 | |
| 650 | 0 | |a Derecho de familia |9 255603 | |
| 650 | 0 | |a Derecho civil |9 255013 | |
| 650 | 7 | |a RESPONSABILIDAD CIVIL |2 CL-VaPUC |9 540007 | |
| 583 | |a last modification |c 20130328 13:31:53 |k Rodrigo Vera | ||
| 490 | 0 | |a Estudios Jurídicos, 111 | |
| 999 | |c 335784 |d 335782 | ||
| 952 | |0 0 |1 0 |4 0 |6 349_730000000000000_FRI_2007 |7 0 |8 A |9 426502 |a BIBDER |b BIBDER |d 2019-11-22 |i 459326K |o 349.73 FRI 2007 |p 459326K |r 2023-01-25 |w 2019-11-22 |y BK |k DER | ||